-
YADAV, DR. ADHIKARAO.V , YADAV Dr. ADHIKRAO V , JADHAV PANKAJ A AND MS KADAM Ms SATWASHILA
Entry Personal Name
Number of records used in: 1
001 - CONTROL NUMBER
003 - CONTROL NUMBER IDENTIFIER
005 - DATE AND TIME OF LATEST TRANSACTION
- control field:
20240108120555.0
008 - FIXED-LENGTH DATA ELEMENTS
- fixed length control field:
240108|| aca||aabn | a|a d
040 ## - CATALOGING SOURCE
- Original cataloging agency:
JRU
- Transcribing agency:
JRU
100 ## - HEADING--PERSONAL NAME
- Personal name:
YADAV, DR. ADHIKARAO.V , YADAV Dr. ADHIKRAO V , JADHAV PANKAJ A AND MS KADAM Ms SATWASHILA
670 ## - SOURCE DATA FOUND
- Source citation:
Work cat.: (JRU)7903: YADAV, DR. ADHIKARAO.V , YADAV Dr. ADHIKRAO V , JADHAV PANKAJ A AND MS KADAM Ms SATWASHILA, A TEXTBOOK OF PHYTOPHARMACEUTICALS